| 000 | 00588nam a2200181Ia 4500 | ||
|---|---|---|---|
| 008 | 090124s9999 xx 000 0 und d | ||
| 082 | _b32274 | ||
| 100 | _aवाळिंबे वि. स. | ||
| 245 | _a दुसरे महायुध्द | ||
| 250 | _a0 | ||
| 260 |
_bमॅजेस्टिक प्रकाशन _c1994 |
||
| 300 | _a296 | ||
| 600 | _aवाळिंबे वि. स. | ||
| 630 | _a दुसरे महायुध्द | ||
| 700 | _aवाळिंबे वि. स. | ||
| 730 | _a दुसरे महायुध्द | ||
| 942 | _cBOOK | ||
| 999 |
_c98360 _d98360 |
||